000
00308nam a2200121Ia 4500
008
150731s2013 xx 000 0 und d
082
_a
615.53
_b
I 13 M
100
_a
MANOHAR,RAMP.
245
_a
108 DIVINE NAMES OF DHANVANTARI
260
_b
CHAUKHAMBHA PUB. NEW DELHI
_c
2013
300
_a
110
942
_2
ddc
_c
BK
999
_c
7747
_d
7747